¿Qué significa socialismo hoy? Revolución recuperadora y necesidad de revisión de la izquierda /
Saved in:
| Main Author: | |
|---|---|
| Format: | Text |
| Subjects: | |
| Tags: |
Add Tag
No Tags, Be the first to tag this record!
|
MARC
| LEADER | 00000 a a2200000 04500 | ||
|---|---|---|---|
| 001 | 4251 | ||
| 003 | |||
| 040 | |||
| 090 | |a REV0229 (52) 1992 | ||
| 100 | |a Habermas, Jürgen | ||
| 245 | |a ¿Qué significa socialismo hoy? Revolución recuperadora y necesidad de revisión de la izquierda / |c Jürgen Habermas | ||
| 650 | |a SISTEMAS ECONOMICOS | ||
| 650 | |a SOCIALISMO | ||
| 650 | |a LIBERALISMO | ||
| 650 | |a DUALISMO ECONOMICO | ||
| 650 | |a SOCIEDAD | ||
| 650 | |a SISTEMA SOCIAL | ||
| 650 | |a PLURALISMO | ||
| 773 | |g número 52; páginas 7-37 | ||
| 999 | |c 27185 |d 27185 | ||
